Loading...
| TR | 1 | 2 | 0 | 0 | 35 | 70 | 82.33 | 1 | 2 | 0.00 | 0.00 |
| MB | 0 | 2 | 1 | 0 | 15 | 95 | 106.00 | 0 | 0 | 0.00 | 0.00 |
| RR | 1 | 0 | 0 | 0 | 15 | 67 | 67.00 | 0 | 1 | 0.00 | 0.00 |
| AG | 0 | 1 | 0 | 1 | 10 | 133 | 133.00 | 0 | 1 | 0.00 | 0.00 |
| AW | 0 | 1 | 0 | 0 | 10 | 112 | 112.00 | 0 | 0 | 0.00 | 0.00 |
| DM | 0 | 0 | 1 | 0 | -5 | 0.00 | 0 | 0 | 0.00 | 0.00 |
| MB | climate | -5 | 62 |
| RR | Lake Malawi | 15 | 67 |
| TR | Malaysia | 10 | 70 |
| TR | 1810s | 15 | 85 |
| DM | Portuguese India | -5 | 86 |
| TR | Moche culture | 10 | 92 |
| MB | Kongo kingdom | 10 | 95 |
| AW | branches | 10 | 112 |
| MB | Battle of Kosovo Polje | 10 | 117 |
| AG | San Francisco | 10 | 133 |